000 00326cam a22001097a 4500
008 180718b1952 xxu||||| |||| 00| 0 eng d
082 _aT16x4
100 _aFernando, G.I.O.
245 _aReport on a co-operative study tour of Europe, 1950
_cby G.I.O. Fernando
260 _aCeylon
_bCeylon Government Press
_c1952
300 _a95p
999 _c496928
_d496928